The mckinsey way : (Record no. 20531)

MARC details
000 -LEADER
fixed length control field 00589nam a22001817a 4500
003 - CONTROL NUMBER IDENTIFIER
control field OSt
008 - FIXED-LENGTH DATA ELEMENTS--GENERAL INFORMATION
fixed length control field 240515b1999 |||||||| |||| 00| 0 eng d
020 ## - INTERNATIONAL STANDARD BOOK NUMBER
International Standard Book Number 9780070534070
082 ## - DEWEY DECIMAL CLASSIFICATION NUMBER
Classification number 658.4012
Item number RAS-M
100 ## - MAIN ENTRY--PERSONAL NAME
Personal name Rasiel, Ethan M.
245 ## - TITLE STATEMENT
Title The mckinsey way :
Remainder of title using the techniques of the world's top strategic consultants to help you and your business/
Statement of responsibility, etc Ethan M. Rasiel.
260 ## - PUBLICATION, DISTRIBUTION, ETC. (IMPRINT)
Place of publication, distribution, etc Delhi :
Name of publisher, distributor, etc McGraw Hill Education,
Date of publication, distribution, etc 1999.
300 ## - PHYSICAL DESCRIPTION
Extent / Pages xv, 187 p. ;
650 ## - SUBJECT ADDED ENTRY--TOPICAL TERM
Topical term or geographic name as entry element Mckinsey and company
650 ## - SUBJECT ADDED ENTRY--TOPICAL TERM
Topical term or geographic name as entry element Business consultants
650 ## - SUBJECT ADDED ENTRY--TOPICAL TERM
Topical term or geographic name as entry element Industrial management
942 ## - ADDED ENTRY ELEMENTS (KOHA)
Source of classification or shelving scheme
Koha item type Books
942 ## - ADDED ENTRY ELEMENTS (KOHA)
-- 9
Holdings
Withdrawn status Lost status Source of classification or shelving scheme Damaged status Not for loan Home library Current library Date acquired Source of acquisition Currency Cost, normal purchase price Full call number Barcode Date last seen Copy number Bill Date Koha item type Bill Number Total Checkouts Date last borrowed Total Renewals
          SOBD Library SOBD Library 11/04/2024 Vedi Books INR 795.00 658.4012 RAS-M1 005552 15/05/2024 1 11/04/2024 Reference Books VEDI/24-25/04/10      
          SOBD Library SOBD Library 11/04/2024 Vedi Books INR 795.00 658.4012 RAS-M2 005553 13/10/2025 2 11/04/2024 Books VEDI/24-25/04/10 1 26/09/2025  
          SOBD Library SOBD Library 11/04/2024 Vedi Books INR 795.00 658.4012 RAS-M3 005554 01/10/2025 3 11/04/2024 Books VEDI/24-25/04/10 1 19/08/2025 2
          SOBD Library SOBD Library 11/04/2024 Vedi Books INR 795.00 658.4012 RAS-M4 005555 18/03/2025 4 11/04/2024 Books VEDI/24-25/04/10 1 19/02/2025  
          SOBD Library SOBD Library 11/04/2024 Vedi Books INR 795.00 658.4012 RAS-M5 005556 01/10/2025 5 11/04/2024 Books VEDI/24-25/04/10 6 17/09/2025 1
Hosted, Implemented, Customized & Maintained by: BestBookBuddies

Powered by Koha